| 000 | 00729nam a2200253 a 4500 | ||
|---|---|---|---|
| 001 | 42569 | ||
| 003 | BD-RjUL | ||
| 005 | 20211209053547.0 | ||
| 008 | 160611s1967 ii 00000 eng d | ||
| 035 | _a(BD-RjUL)42687 | ||
| 035 | _a2039109 | ||
| 040 |
_aANL _beng _dANL _cBD-RjUL |
||
| 041 | _aeng | ||
| 082 | 0 |
_a320.962 _223 _bCUL 1967 |
|
| 100 | 1 |
_aQuraishi, Zaheer Masood _9130879 |
|
| 245 | 1 | 0 |
_aLiberal nationalism in Egypt : _brise and fall of the Wafd party / _cZaheer Masood Quraishi |
| 250 | _a[1st ed.]. | ||
| 260 |
_aAllahabad : _bKilab Mahal, _c1967 |
||
| 300 |
_avi, 245 p. ; _c23 cm. |
||
| 504 | _aBibliography: p. [234]-240. | ||
| 650 |
_aWafd al-Misri _9130880 |
||
| 942 |
_2ddc _cBK |
||
| 999 |
_c42569 _d42569 |
||